00445nam a22001457a 450000500170000000800410001702000150005804100130007308200140008610000260010024500600012626000570018630000300024365000260027320231102142737.0231102b |||||||| |||| 00| 0 eng d a0409041386 aEnglish  a346.6 HEN aMeskin, PM lEnglish  aHenochsberg on the Close Corporations Act / cPM Meskin aDurban : bButterworth Publishers (Pty) Ltd, c1997  bxv, 249 pages ; c26 cm.  aLegal practice bLaw